Šagrénová kůže ; Usmířený Melmoth ; Červená hospoda ; Neznámé arcidílo ; Massimilla Doniová ; Petr Grassou

Bibliographic Details
Main Author: Balzac, Honoré de, 1799-1850 (Author)
Other Authors: Jirda, Miloslav, 1895-1970 (Translator), Kopal, Josef, 1883-1966 (Translator), Fischer, Jan Otokar, 1923-1992 (Author of introduction, etc.)
Format: Book
Language:Czech
French
Published: Praha Státní nakladatelství krásné literatury, hudby a umění 1960
Edition:1. vyd. v SNKLHU
Series:Balzac, Honoré de, 1799-1850 Spisy (Státní nakladatelství krásné literatury, hudby a umění)
Knihovna klasiků
Subjects:

MARC

LEADER 00000nam a2200000 a 4500
001 vtls001165663
003 SK-MaSNL
005 20260301233738.0
008 251031s1960 xr g 0000j cze
035 |a SNK000108642 
040 |a SNK  |b slo  |c SNK  |e AACR2 
041 1 |a cze  |h fre 
044 |a xr  |c CZ 
072 7 |a 821.133.1-3  |x Francúzska próza, francúzsky písaná  |2 konspekt 
080 |a 821.133.1-3  |2 2011 
100 1 |a Balzac, Honoré de,  |d 1799-1850  |4 aut  |9 105284 
240 1 0 |a La peau de chagrin, Massimilla Doni, Melmoth réconcilié, Le chef-d'oeuvre inconnu, Pierre Grassou  |l Česky 
245 1 0 |a Šagrénová kůže ;  |b Usmířený Melmoth ; Červená hospoda ; Neznámé arcidílo ; Massimilla Doniová ; Petr Grassou  |c Honoré de Balzac ; z franc. orig. přel. Miloslav Jirda, Josef Kopal 
250 |a 1. vyd. v SNKLHU 
260 |a Praha  |b Státní nakladatelství krásné literatury, hudby a umění  |c 1960  |e S.l.Rudé právo  |f Rudé právo 
300 |a 496, [3] s.  |c 21 cm 
366 |e 16000 výt. 
490 1 |a Knihovna klasiků 
490 1 |a Spisy Honoré de Balzaca  |v sv. 11 
500 |a Obsahuje 6 diel 
655 7 |a francúzske prózy  |2 SNKPH  |9 70603 
655 7 |a French prose  |2 SNKPHeng  |9 288359 
700 1 |a Jirda, Miloslav,  |d 1895-1970  |4 trl  |9 110426 
700 1 |a Kopal, Josef,  |d 1883-1966  |4 trl  |9 199833 
700 1 2 |a Balzac, Honoré de,  |d 1799-1850  |t Peau de chagrin  |l Česky  |9 628784 
700 1 2 |a Balzac, Honoré de,  |d 1799-1850  |t Massimilla Doni  |l Česky  |9 628785 
700 1 2 |a Balzac, Honoré de,  |d 1799-1850  |t Melmoth réconcilié  |l Česky  |9 628786 
700 1 2 |a Balzac, Honoré de,  |d 1799-1850  |t Chef-d'oeuvre inconnu  |l Česky  |9 628787 
700 1 2 |a Balzac, Honoré de,  |d 1799-1850  |t Pierre Grassou  |l Česky  |9 628788 
700 1 2 |a Balzac, Honoré de,  |d 1799-1850  |t L'auberge rouge  |l Česky  |9 628789 
700 1 |a Fischer, Jan Otokar,  |d 1923-1992  |4 aui  |9 112836 
740 0 2 |a Usmířený Melmoth 
740 0 2 |a Červená hospoda 
740 0 2 |a Neznámé arcidílo 
740 0 2 |a Massimilla Doniová 
740 0 2 |a Petr Grassou 
800 1 |a Balzac, Honoré de,  |d 1799-1850  |t Spisy (Státní nakladatelství krásné literatury, hudby a umění)  |9 628790 
830 0 |a Knihovna klasiků  |9 294343 
958 |a UP 
958 |a LX 
968 |d Z franc. orig. 
999 |c 967521  |d 969451 
952 |a SNK  |b SNK  |y VYP  |7 0  |p 17A0519867  |o snkIC 8178/11  |i snkKIP 8095/60  |0 0  |1 0  |4 0  |d 1999-12-04  |l 0  |r 2005-01-01 00:00:00  |w 2026-02-24